000
00291nam a22001217a 4500
040
_c
HS
082
_a
381
100
_a
KHUM THOEUN
245
_a
Botanique forestiere : រុក្ខជាតិព្រៃឈើ
260
_a
RUA
_b
KHUM THOEUN
_c
NA
300
_a
110p:
942
_c
KB
999
_c
10266
_d
10266